000 00514nam a2200181Ia 4500
001 17101
005 20260306170400.0
008 260306t2015||||xx |||||||||||||| ||und||
041 _aESP
082 _a657.458
_bE92C
100 _aEstupiñán Gaitán, Rodrigo
_eAUT
245 0 _aControl interno y fraudes:
_banálisis de informe COSO I, II y III con base en los ciclos transaccionales,
260 _c2015
300 _a455 páginas :
_c24 cm.
650 _aGEN
654 _aCCO
942 _cLIB
_dJUS
_fJUS
_2ddc
_n
999 _c17101
_d17101